Апробация фотометрических методик определения некоторых загрязнителей окружающей среды; Вестник науки Сибири; № 1 (11)

Detalhes bibliográficos
Parent link:Вестник науки Сибири: электронный научный журнал/ Томский политехнический университет (ТПУ).— , 2011-.— 2226-0064
№ 1 (11).— 2014.— [С. 17-24]
Autor principal: Морозова В. В.
Autor Corporativo: Национальный исследовательский Томский политехнический университет (ТПУ) Институт неразрушающего контроля (ИНК) Кафедра экологии и безопасности жизнедеятельности (ЭБЖ)
Outros Autores: Ларионова Е. В. Екатерина Владимировна
Resumo:Заглавие с титульного листа
В данной работе освещены актуальные вопросы совершенствования приборного оснащения фотометрических методов анализа для контроля качества объектов окружающей среды в учебных, научных и производственных целях. Целью данной работы является апробация методик фотометрического определения загрязнителей окружающей среды для модуля "Фотоколориметр" УЛК "Экологический мониторинг" и "ТА Эколаб-2", а также их реа-лизация для контроля качества объектов окружающей среды. В данной работе проведена апробация фотометрического определения некоторых загрязнителей окружающей среды (железо (III), марганец (II), хром (VI), медь (II), фосфат-ионы) для модуля "Фотоколориметр" учебно-лабораторного комплекса "Экологический мониторинг" и "ТА Эколаб-2": длина волны, толщина кюветы, концентрационный диапазон. Построены градуировочные характеристики и проведен их линейный регрессионный анализ. Показано, что для всех исследуемых методик закон све-топоглощения выполняется, значимая систематическая погрешность отсутствует. Оценены метрологические характеристики: правильность, повторяемость результатов, внутрилабораторная прецизионность и точность. Найдено, что для всех исследуемых приборов метрологические характеристики соответствуют значениям, полученным для аттестованного фотометра КФК-2. В данной работе также показана возможность использования модуля "Фотоколориметр" учебно-лабораторного комплекса "Экологический мониторинг" и "ТА Эколаб-2" при контроле содержания железа, марганца и фосфат-ионов в объектах окружающей среды.
Idioma:russo
Publicado em: 2014
coleção:Инженерные науки
Assuntos:
Acesso em linha:http://earchive.tpu.ru/handle/11683/16683
Formato: MixedMaterials Recurso Eletrônico Capítulo de Livro
KOHA link:https://koha.lib.tpu.ru/cgi-bin/koha/opac-detail.pl?biblionumber=529995

MARC

LEADER 00000naa2a2200000 4500
001 529995
005 20231101112403.0
035 |a (RuTPU)RU\TPU\prd\215820 
035 |a RU\TPU\prd\215810 
090 |a 529995 
100 |a 20140320d2014 k y0rusy50 ca 
101 0 |a rus 
102 |a RU 
135 |a drnn ---uucaa 
181 0 |a i  
182 0 |a b 
200 1 |a Апробация фотометрических методик определения некоторых загрязнителей окружающей среды  |f В. В. Морозова, Е. В. Ларионова 
203 |a Текст  |c электронный 
215 |a 1 файл (807 Кб) 
225 1 |a Инженерные науки 
230 |a Электронные текстовые данные (1 файл : 807 Кб) 
300 |a Заглавие с титульного листа 
320 |a [Библиогр.: с. 24 (9 назв.)] 
330 |a В данной работе освещены актуальные вопросы совершенствования приборного оснащения фотометрических методов анализа для контроля качества объектов окружающей среды в учебных, научных и производственных целях. Целью данной работы является апробация методик фотометрического определения загрязнителей окружающей среды для модуля "Фотоколориметр" УЛК "Экологический мониторинг" и "ТА Эколаб-2", а также их реа-лизация для контроля качества объектов окружающей среды. В данной работе проведена апробация фотометрического определения некоторых загрязнителей окружающей среды (железо (III), марганец (II), хром (VI), медь (II), фосфат-ионы) для модуля "Фотоколориметр" учебно-лабораторного комплекса "Экологический мониторинг" и "ТА Эколаб-2": длина волны, толщина кюветы, концентрационный диапазон. Построены градуировочные характеристики и проведен их линейный регрессионный анализ. Показано, что для всех исследуемых методик закон све-топоглощения выполняется, значимая систематическая погрешность отсутствует. Оценены метрологические характеристики: правильность, повторяемость результатов, внутрилабораторная прецизионность и точность. Найдено, что для всех исследуемых приборов метрологические характеристики соответствуют значениям, полученным для аттестованного фотометра КФК-2. В данной работе также показана возможность использования модуля "Фотоколориметр" учебно-лабораторного комплекса "Экологический мониторинг" и "ТА Эколаб-2" при контроле содержания железа, марганца и фосфат-ионов в объектах окружающей среды. 
337 |a Adobe Reader 
461 1 |0 (RuTPU)RU\TPU\prd\143680  |x 2226-0064  |t Вестник науки Сибири  |o электронный научный журнал  |f Томский политехнический университет (ТПУ)  |d 2011- 
463 1 |0 (RuTPU)RU\TPU\prd\215797  |t № 1 (11)  |v [С. 17-24]  |d 2014 
610 1 |a труды учёных ТПУ 
610 1 |a электронный ресурс 
610 1 |a фотометрический анализ 
610 1 |a загрязнения 
610 1 |a окружающая среда 
610 1 |a железо 
610 1 |a марганец 
610 1 |a хром 
610 1 |a медь 
610 1 |a фосфаты 
700 1 |a Морозова  |b В. В. 
701 1 |a Ларионова  |b Е. В.  |c российский химик  |c доцент Томского политехнического университета, кандидат химических наук  |f 1978-  |g Екатерина Владимировна  |2 stltpush  |3 (RuTPU)RU\TPU\pers\28573 
712 0 2 |a Национальный исследовательский Томский политехнический университет (ТПУ)  |b Институт неразрушающего контроля (ИНК)  |b Кафедра экологии и безопасности жизнедеятельности (ЭБЖ)  |h 4850  |2 stltpush  |3 (RuTPU)RU\TPU\col\18720 
801 1 |a RU  |b 63413507  |c 20090623  |g PSBO 
801 2 |a RU  |b 63413507  |c 20180112  |g PSBO 
856 4 |u http://earchive.tpu.ru/handle/11683/16683 
942 |c BK